Normal view
MARC view
Entry Personal Name
001 - CONTROL NUMBER
- control field: 4176
003 - CONTROL NUMBER IDENTIFIER
- control field: ARRUPE
005 - DATE AND TIME OF LATEST TRANSACTION
- control field: 20131127125952.0
008 - FIXED-LENGTH DATA ELEMENTS
- fixed length control field: 131127|| aca||aabn | a|a d
040 ## - CATALOGING SOURCE
- Original cataloging agency: ARRUPE
- Transcribing agency: ARRUPE
100 ## - HEADING--PERSONAL NAME
- Personal name: Hutcheson, Richard G.,
- Dates associated with a name: 1921-2012.
670 ## - SOURCE DATA FOUND
- Source citation: Work cat.: (ARRUPE)0: Hutcheson, Richard G., 1921-2012., God in the White House :, 1989.